00699nam a2200169 i 450000100060000000300090000600700030001500800410001810000350005924501410009426000590023530000400029470000320033485200210036699900170038795201250040466008ES-MaACLt|040126s1895 xxk ||||1| eng d1 aFurtwèangler, Adolf.912717010aMasterpieces of greek sculpture b: a series of essays on the history of art / cby Adolf Furthwèangler ; edited by Eugénie Sellers. aLondon : bHeinemann, c1895 (fRichard Clay and Sons) aXXIII, 487 p., 18 lám. ; c32 cm.1 aSellers, Eugénie.9105325 aES-MaACLjG-5000 c66008d66008 001040708LIBXIXaATENEOMbATENEOMcDEPO2d2008-01-17eSCl0oG-5000p1069151r2023-02-23 00:00:00w2023-02-23yMONANT